[Event "IECC KO-2125"]
[Site "IECC email"]
[Date "2016.03.19"]
[Round "?"]
[White "Balmelle, Jean Luc"]
[Black "Croft, Stuart"]
[Result "1-0"]
[WhiteElo "1679"]
[BlackElo "1248"]
[PlyCount "105"]
[EventDate "2014.??.??"]
[EventType "match (corr)"]
[EventRounds "2"]
[SourceTitle "Corr 2020"]
[Source "ChessBase"]
[SourceDate "2019.09.30"]
[SourceVersion "1"]
[SourceVersionDate "2019.09.30"]
[SourceQuality "1"]
[WhiteTeam "France"]
[BlackTeam "England"]
[WhiteTeamCountry "FRA"]
[BlackTeamCountry "ENG"]

1. b4 d5 2. Bb2 Nf6 3. Nf3 e6 4. b5 Bd6 5. e3 0-0 6. c4 Nbd7 7. d4 dxc4 8. Bxc4 Qe7 9. 0-0 e5 10. Nc3 e4 11. Nd2 Nb6 12. Be2 Bf5 13. a4 Rad8 14. a5 Nbd5 15. Qc2 c6 16. bxc6 bxc6 17. Nc4 Bb4 18. Ne5 Qe6 19. Na4 Nd7 20. Nxd7 Rxd7 21. Nc5 Bxc5 22. Qxc5 Rb8 23. Ba3 Qe8 24. Ba6 h5 25. Qxc6 Qd8 26. Rab1 Rxb1 27. Rxb1 Qxa5 28. Bc8 Ne7 29. Bxe7 Rxe7 30. Bxf5 Qxf5 31. Rb5 Qe6 32. Qxe6 fxe6 33. Rxh5 e5 34. Kf1 a5 35. d5 a4 36. d6 Rd7 37. Rxe5 Rxd6 38. Rxe4 Ra6 39. Rb4 a3 40. Rb1 Kf7 41. Ke2 Ke6 42. Kd3 a2 43. Ra1 Kd5 44. f3 Ra3+ 45. Kc2 Kc4 46. Kb2 Rxe3 47. Rxa2 Re2+ 48. Ka3 Re3+ 49. Ka4 Re6 50. Ka5 Rh6 51. h3 Rg6 52. Ra4+ Kd5 53. Rg4 1-0

[Event "IECC KO-2125"]
[Site "IECC email"]
[Date "2014.08.26"]
[Round "?"]
[White "Hutton, Andrew"]
[Black "Croft, Stuart"]
[Result "0-1"]
[WhiteElo "1239"]
[BlackElo "1212"]
[PlyCount "84"]
[EventDate "2014.??.??"]
[EventType "match (corr)"]
[EventRounds "2"]
[SourceTitle "Corr 2020"]
[Source "ChessBase"]
[SourceDate "2019.09.30"]
[SourceVersion "1"]
[SourceVersionDate "2019.09.30"]
[SourceQuality "1"]
[WhiteTeam "Hong Kong"]
[BlackTeam "England"]
[WhiteTeamCountry "HKG"]
[BlackTeamCountry "ENG"]

1. d4 Nf6 2. Nc3 d5 3. g3 Bf5 4. Bg2 e6 5. Nf3 Bb4 6. Bd2 Nc6 7. a3 Bd6 8. 0-0 h6 9. h4 Qd7 10. Kh2 a6 11. b4 0-0 12. e3 b5 13. Rb1 Ne4 14. Nxe4 dxe4 15. Ng1 e5 16. d5 Ne7 17. Be1 c6 18. dxc6 Qxc6 19. Qe2 Nd5 20. Rc1 Nb6 21. c3 a5 22. Qb2 Nc4 23. Qa1 Bg6 24. Rc2 f5 25. Qc1 f4 26. Bd2 Qc7 27. Rd1 Rf6 28. Nh3 f3 29. Bf1 Bf7 30. Be1 Qd7 31. Ng1 axb4 32. Bxc4 Bxc4 33. cxb4 Bf1 34. Bc3 Bd3 35. Rcd2 Qf5 36. Qb2 g5 37. Nh3 gxh4 38. g4 Qe6 39. Rg1 Kf7 40. Rdd1 Rg6 41. g5 Rag8 42. gxh6 Rg2+ 0-1

[Event "IECC KO-1074"]
[Site "IECC email"]
[Date "2009.07.16"]
[Round "?"]
[White "Croft, Stuart"]
[Black "Cuaycong, Virgilio"]
[Result "0-1"]
[WhiteElo "1057"]
[BlackElo "1473"]
[PlyCount "54"]
[EventDate "2008.??.??"]
[EventType "match (corr)"]
[EventRounds "2"]
[SourceTitle "Corr 2011"]
[Source "ChessBase"]
[SourceDate "2010.08.31"]
[SourceVersion "1"]
[SourceVersionDate "2010.08.31"]
[SourceQuality "1"]
[WhiteTeam "England"]
[BlackTeam "Philippines"]
[WhiteTeamCountry "ENG"]
[BlackTeamCountry "PHI"]

1. d4 Nf6 2. c4 c5 3. Nf3 e6 4. e3 b6 5. Nc3 cxd4 6. exd4 Bb7 7. Bd3 Be7 8. 0-0 d5 9. cxd5 Nxd5 10. Nxd5 Bxd5 11. Ne5 0-0 12. Bf4 Nd7 13. Qh5 g6 14. Qh6 Bf6 15. Rac1 Bg7 16. Qh3 Nxe5 17. dxe5 Bxa2 18. Be4 Rc8 19. Rxc8 Qxc8 20. Qa3 Qc4 21. f3 f5 22. Rc1 Qd4+ 23. Be3 Qxe5 24. Qxa2 fxe4 25. f4 Qd6 26. g3 Bd4 27. Re1 Rc8 0-1

[Event "IECC O-2634"]
[Site "IECC email"]
[Date "2007.07.26"]
[Round "?"]
[White "Beatty, Vincent"]
[Black "Croft, Stuart"]
[Result "1/2-1/2"]
[WhiteElo "1181"]
[BlackElo "1041"]
[PlyCount "42"]
[EventDate "2007.??.??"]
[EventType "swiss (corr)"]
[EventRounds "2"]
[SourceTitle "Corr 2011"]
[Source "ChessBase"]
[SourceDate "2010.08.31"]
[SourceVersion "1"]
[SourceVersionDate "2010.08.31"]
[SourceQuality "1"]
[WhiteTeam "US of America"]
[BlackTeam "South Africa"]
[WhiteTeamCountry "USA"]
[BlackTeamCountry "RSA"]

1. e4 e5 2. Nf3 Nc6 3. Bb5 a6 4. Bxc6 dxc6 5. 0-0 f6 6. d4 Bg4 7. dxe5 Qe7 8. exf6 Nxf6 9. Bg5 h6 10. Bxf6 gxf6 11. Nc3 Qe5 12. Nxe5 Bxd1 13. Raxd1 fxe5 14. g3 Bd6 15. f4 0-0-0 16. fxe5 Bxe5 17. Rxd8+ Rxd8 18. Rd1 Bd6 19. Kg2 b5 20. e5 Bxe5 21. Rxd8+ Kxd8 1/2-1/2